000 00489nam a2200181Ia 4500
001 16626
005 20260306170323.0
008 260306t2024||||xx |||||||||||||| ||und||
041 _aESP
082 _a348.8
_bS71
100 _aSoto Rodríguez, Sanin,
_eAUT
245 0 _aDespidos incausado y fraudulento :
_bdefinición de sus aspectos sustantivos y procesales
260 _c2024
300 _a351 páginas :
_c25 cm.
650 _aGEN
654 _aCDE
942 _cLIB
_dJUS
_fJUS
_2ddc
_n
999 _c16626
_d16626